A tale of two Turkeys / (Record no. 8182)

MARC details
000 -LEADER
fixed length control field 00929nam a22002897a 4500
001 - CONTROL NUMBER
control field 8182
003 - CONTROL NUMBER IDENTIFIER
control field FISKH
005 - DATE AND TIME OF LATEST TRANSACTION
control field 20250901135335.0
008 - FIXED-LENGTH DATA ELEMENTS--GENERAL INFORMATION
fixed length control field 250901b cb ||||| |||| 00| 0 eng d
040 ## - CATALOGING SOURCE
Original cataloging agency FISKH
Language of cataloging eng
Transcribing agency FISKH
Modifying agency FISKH
050 ## - LIBRARY OF CONGRESS CALL NUMBER
Classification number PZ7
082 ## - DEWEY DECIMAL CLASSIFICATION NUMBER
Classification number 398.220947
100 ## - MAIN ENTRY--PERSONAL NAME
Personal name Jackson, Ellen
245 ## - TITLE STATEMENT
Title A tale of two Turkeys /
Statement of responsibility, etc. By Ellen Jackson ; Illustrated by Jenny Williams
250 ## - EDITION STATEMENT
Edition statement This edition first published in 1996
260 ## - PUBLICATION, DISTRIBUTION, ETC.
Place of publication, distribution, etc. New York :
Name of publisher, distributor, etc. Troll,
Date of publication, distribution, etc. 1996
300 ## - PHYSICAL DESCRIPTION
Extent 30 unnumbered pages :
Other physical details color illustrations ;
Dimensions 21 cm
505 ## - FORMATTED CONTENTS NOTE
Formatted contents note G<br/>
520 ## - SUMMARY, ETC.
Summary, etc. Yoshka cures the czar of Russia from a terrible illness, and outwits the people who tried to trick him.<br/>
521 8# - TARGET AUDIENCE NOTE
Target audience note 350<br/>
Source Lexile<br/>
521 8# - TARGET AUDIENCE NOTE
Target audience note G<br/>
Source Raz-Plus<br/>
650 ## - SUBJECT ADDED ENTRY--TOPICAL TERM
Source of heading or term Dark Green
Topical term or geographic name entry element Folk & Fairy Tales
650 ## - SUBJECT ADDED ENTRY--TOPICAL TERM
Source of heading or term November
Topical term or geographic name entry element Thanksgiving
700 ## - ADDED ENTRY--PERSONAL NAME
Personal name Williams, Jenny
Dates associated with a name illustrator
942 ## - ADDED ENTRY ELEMENTS (KOHA)
Source of classification or shelving scheme Dewey Decimal Classification
Koha item type Books
Suppress in OPAC No
Holdings
Withdrawn status Lost status Source of classification or shelving scheme Damaged status Not for loan Collection Home library Current library Shelving location Date acquired Total Checkouts Full call number Barcode Date last seen Date last checked out Copy number Price effective from Koha item type
    Dewey Decimal Classification     Juvenile Fiction Footprints International School Library Network Toul Tom Poung Campus Footprints International School Library Network Toul Kork Campus TTP Primary Green Bookshelves 09/01/2025 1 JAC 398.220947 PZ7 FISBK07157 03/05/2026 02/26/2026 1 09/01/2025 Books